Spain Baby Girls Names by Letter A-Z - Statistics

General Stats
  • This quiz has been taken 204 times
  • The average score is 11 of 19
Answer Stats
Letter Clue Name % Correct
E Watson Emma
89%
J Roberts Julia
89%
M Curie Maria
89%
O Newton John Olivia
89%
S Vergara Sofia
83%
A Jessica Alba
78%
H Bonham Helena
76%
Z Saldana Zoe
76%
C Bruni Carla
72%
B White Blanca
62%
P Patton Paula
57%
N Jones Nora
53%
L Jimenez Lucia
44%
D Cardone Daniela
41%
G Sabatini Gabriela
41%
V Mazza Valeria
39%
I Goldszer Irene
31%
R Jurado Rocio
25%
T Sevilla Triana
15%
No matching quizzes found
Score Distribution
Percent of People with Each Score
Percentile by Number Answered
Your Score History
You have not taken this quiz